The redistributive role of government (Record no. 12916)

000 -LEADER
fixed length control field 00417pab a2200145 454500
008 - FIXED-LENGTH DATA ELEMENTS--GENERAL INFORMATION
fixed length control field 180718b1991 xxu||||| |||| 00| 0 eng d
100 ## - MAIN ENTRY--PERSONAL NAME
Personal name Root, Hilton L
245 ## - TITLE STATEMENT
Title The redistributive role of government
Remainder of title Economic regulation in old regime France and England
260 ## - PUBLICATION, DISTRIBUTION, ETC.
Date of publication, distribution, etc. 1991
300 ## - PHYSICAL DESCRIPTION
Extent 338-69
362 ## - DATES OF PUBLICATION AND/OR SEQUENTIAL DESIGNATION
Dates of publication and/or sequential designation Apr.
650 ## - SUBJECT ADDED ENTRY--TOPICAL TERM
Topical term or geographic name entry element Lobbying
773 ## - HOST ITEM ENTRY
Main entry heading Comparative Studies In Society and History
909 ## -
-- 12916
Holdings
Withdrawn status Lost status Damaged status Not for loan Permanent Location Current Location Date acquired Serial Enumeration / chronology Barcode Date last seen Price effective from Koha item type
        Indian Institute of Public Administration Indian Institute of Public Administration 2018-07-19 Volume no: 33, Issue no: 2 AR12959 2018-07-19 2018-07-19 Articles

Powered by Koha